吳淡如新說紅樓夢

資料類型: Book 圖書   書目號:34169

Leader xxxxxxxxxx
001 __ PCLIS00034169
005 __ 20210722083407.0
009 __ |a(CIP)92002189
010 0_ |a957-679-869-8|b平裝附光碟片|dNT$269
050 __ |a001132510|z101361088
100 __ |a20030210d2003    m  y0chiy09      e
101 0_ |achi
102 __ |atw
105 __ |ay   z   000ad
200 1_ |a吳淡如新說紅樓夢|f曹雪芹原著|g吳淡如作
205 __ |a初版
210 __ |a臺北市|c方智|d2003[民92]
215 0_ |a447面|d21公分|e1張光碟片
225 1_ |a我的啟蒙書|v1
260 1_ |a2003
515 11 |a紅樓夢|zchi
605 __ |2csh|a紅樓夢|x通俗作品
681 __ |a857.49|b2634
700 _1 |a|b淡如
801 _0 |atw|bCIP|c20030206|gCCR
801 _1 |atw|bCIP|c20030206|gCCR
801 _2 |atw|b中圖|c20030701|gCCR
801 _1 |atw|b內湖高中|c20040408|gCCR
801 _2 |atw|b內湖高中|c20040408|gCCR
詳細館藏(共 1 筆)
索 書 號登 錄 號冊次號館別 / 館藏地流通類型狀態加入預約清單電子資源
857.49 / 8866 1014418  圖書館 / 一樓普通區 可外借30天 在館   

| 條列資料




目錄查詢 分類查詢 個人資料 圖書薦購 新書查詢 閉館日 排行榜 更多電子資源 Hami書城 線上資料庫 登出

From : 216.73.217.52

  本日流通累計至 00:02:06 借閱 : 0 次 續借 : 0 次 歸還 : 0 次 預約 : 0 次 電子資源 : 0 次


內湖高中圖書館  PCLIS 版本  26.5.0.12